<?xml version="1.0" encoding="UTF-8"?>
<record
    xmlns:xsi="http://www.w3.org/2001/XMLSchema-instance"
    xsi:schemaLocation="http://www.loc.gov/MARC21/slim http://www.loc.gov/standards/marcxml/schema/MARC21slim.xsd"
    xmlns="http://www.loc.gov/MARC21/slim">

  <leader>01411nam a22002537a 4500</leader>
  <datafield tag="999" ind1=" " ind2=" ">
    <subfield code="c">52907</subfield>
    <subfield code="d">52907</subfield>
  </datafield>
  <controlfield tag="005">20250718111127.0</controlfield>
  <controlfield tag="008">      s2544    th                  tha d</controlfield>
  <datafield tag="020" ind1=" " ind2=" ">
    <subfield code="a">9747455501</subfield>
  </datafield>
  <datafield tag="040" ind1=" " ind2=" ">
    <subfield code="a">NALT</subfield>
  </datafield>
  <datafield tag="041" ind1=" " ind2=" ">
    <subfield code="a">tha</subfield>
  </datafield>
  <datafield tag="050" ind1=" " ind2=" ">
    <subfield code="a">T385.A22</subfield>
    <subfield code="b">&#xE2D;788&#xE08; 2544</subfield>
  </datafield>
  <datafield tag="100" ind1="0" ind2=" ">
    <subfield code="a">&#xE2D;&#xE38;&#xE14;&#xE21;&#xE17;&#xE23;&#xE31;&#xE1E;&#xE22;&#xE4C; &#xE01;&#xE23;&#xE23;&#xE14;&#xE34;&#xE1E;&#xE13;&#xE34;&#xE0A;&#xE01;&#xE39;&#xE25;</subfield>
    <subfield code="9">47657</subfield>
  </datafield>
  <datafield tag="245" ind1="1" ind2="0">
    <subfield code="a">&#xE08;&#xE31;&#xE14;&#xE01;&#xE32;&#xE23;&#xE01;&#xE31;&#xE1A;&#xE44;&#xE1F;&#xE25;&#xE4C;&#xE01;&#xE23;&#xE32;&#xE1F;&#xE1F;&#xE34;&#xE01; &#xE21;&#xE31;&#xE25;&#xE15;&#xE34;&#xE21;&#xE35;&#xE40;&#xE14;&#xE35;&#xE22; &#xE41;&#xE25;&#xE30;&#xE40;&#xE27;&#xE47;&#xE1A;&#xE14;&#xE49;&#xE27;&#xE22; ACDSee /</subfield>
    <subfield code="c">&#xE2D;&#xE38;&#xE14;&#xE21;&#xE17;&#xE23;&#xE31;&#xE1E;&#xE22;&#xE4C; &#xE01;&#xE23;&#xE23;&#xE14;&#xE34;&#xE1E;&#xE13;&#xE34;&#xE0A;&#xE01;&#xE39;&#xE25;, &#xE1B;&#xE34;&#xE22;&#xE30; &#xE19;&#xE32;&#xE01;&#xE2A;&#xE07;&#xE04;&#xE4C;.</subfield>
  </datafield>
  <datafield tag="260" ind1=" " ind2=" ">
    <subfield code="a">&#xE01;&#xE23;&#xE38;&#xE07;&#xE40;&#xE17;&#xE1E;&#xE21;&#xE2B;&#xE32;&#xE19;&#xE04;&#xE23; : </subfield>
    <subfield code="b">&#xE1A;&#xE23;&#xE34;&#xE29;&#xE31;&#xE17; &#xE0B;&#xE31;&#xE04;&#xE40;&#xE0B;&#xE2A; &#xE21;&#xE35;&#xE40;&#xE14;&#xE35;&#xE22; &#xE08;&#xE33;&#xE01;&#xE31;&#xE14;, </subfield>
    <subfield code="c">2544.</subfield>
  </datafield>
  <datafield tag="300" ind1=" " ind2=" ">
    <subfield code="a">100 &#xE2B;&#xE19;&#xE49;&#xE32; :</subfield>
    <subfield code="b">&#xE20;&#xE32;&#xE1E;&#xE1B;&#xE23;&#xE30;&#xE01;&#xE2D;&#xE1A;, &#xE15;&#xE32;&#xE23;&#xE32;&#xE07; ;</subfield>
    <subfield code="c"> 21 &#xE0B;&#xE21;.</subfield>
  </datafield>
  <datafield tag="650" ind1="0" ind2="4">
    <subfield code="a">ACDSee (&#xE42;&#xE1B;&#xE23;&#xE41;&#xE01;&#xE23;&#xE21;&#xE04;&#xE2D;&#xE21;&#xE1E;&#xE34;&#xE27;&#xE40;&#xE15;&#xE2D;&#xE23;&#xE4C;)</subfield>
  </datafield>
  <datafield tag="650" ind1="0" ind2="4">
    <subfield code="a">&#xE21;&#xE31;&#xE25;&#xE15;&#xE34;&#xE21;&#xE35;&#xE40;&#xE14;&#xE35;&#xE22; -- &#xE42;&#xE1B;&#xE23;&#xE41;&#xE01;&#xE23;&#xE21;&#xE04;&#xE2D;&#xE21;&#xE1E;&#xE34;&#xE27;&#xE40;&#xE15;&#xE2D;&#xE23;&#xE4C;</subfield>
  </datafield>
  <datafield tag="650" ind1="0" ind2="4">
    <subfield code="a">&#xE04;&#xE2D;&#xE21;&#xE1E;&#xE34;&#xE27;&#xE40;&#xE15;&#xE2D;&#xE23;&#xE4C;&#xE01;&#xE23;&#xE32;&#xE1F;&#xE34;&#xE01;</subfield>
    <subfield code="9">5834</subfield>
  </datafield>
  <datafield tag="650" ind1="0" ind2="4">
    <subfield code="a">&#xE40;&#xE2D;&#xE0B;&#xE35;&#xE14;&#xE35;&#xE0B;&#xE35; (&#xE42;&#xE1B;&#xE23;&#xE41;&#xE01;&#xE23;&#xE21;&#xE04;&#xE2D;&#xE21;&#xE1E;&#xE34;&#xE27;&#xE40;&#xE15;&#xE2D;&#xE23;&#xE4C;)</subfield>
  </datafield>
  <datafield tag="700" ind1="0" ind2=" ">
    <subfield code="a">&#xE1B;&#xE34;&#xE22;&#xE30; &#xE19;&#xE32;&#xE01;&#xE2A;&#xE07;&#xE04;&#xE4C;.</subfield>
    <subfield code="9">36692</subfield>
  </datafield>
  <datafield tag="850" ind1=" " ind2=" ">
    <subfield code="a">NALT</subfield>
  </datafield>
  <datafield tag="942" ind1=" " ind2=" ">
    <subfield code="c">GB</subfield>
    <subfield code="2">lcc</subfield>
  </datafield>
  <datafield tag="998" ind1=" " ind2=" ">
    <subfield code="j">1020</subfield>
    <subfield code="k"> &#xE19;&#xE32;&#xE07;&#xE08;&#xE33;&#xE40;&#xE23;&#xE35;&#xE22;&#xE07;  &#xE23;&#xE30;&#xE27;&#xE31;&#xE07;&#xE2A;&#xE33;&#xE42;&#xE23;&#xE07;</subfield>
  </datafield>
  <datafield tag="952" ind1=" " ind2=" ">
    <subfield code="0">0</subfield>
    <subfield code="1">0</subfield>
    <subfield code="4">0</subfield>
    <subfield code="7">0</subfield>
    <subfield code="8">CGBL</subfield>
    <subfield code="a">NALT</subfield>
    <subfield code="b">NALT</subfield>
    <subfield code="e">&#xE1A;&#xE23;&#xE34;&#xE08;&#xE32;&#xE04;</subfield>
    <subfield code="l">0</subfield>
    <subfield code="o">T 385.A22 &#xE2D;788&#xE08; 2544</subfield>
    <subfield code="p">3961167933</subfield>
    <subfield code="r">2017-06-09 00:00:00</subfield>
    <subfield code="w">2017-06-09</subfield>
    <subfield code="y">GB</subfield>
  </datafield>
</record>
